| 000 | 01067cam a2200301 i 4500 | ||
|---|---|---|---|
| 999 |
_c200444434 _d62646 |
||
| 003 | TR-AnTOB | ||
| 005 | 20230307113449.0 | ||
| 007 | ta | ||
| 008 | 070828s1974 tu 000 0 tur d | ||
| 040 |
_aTR-AnTOB _btur _erda _cTR-AnTOB |
||
| 041 | 0 | _atur | |
| 044 | _ctu | ||
| 050 | 1 | 4 |
_aHD37.T9 _bT87 1974 |
| 090 |
_aTOBBK HD37.T9 _bT87 1974 |
||
| 111 | 1 |
_aTürk İşletmecilik Kongresi _9141027 _n(1. : _d1973 : _cEskişehir) |
|
| 245 | 1 | 0 |
_aI. Türk işletmecilik kongresi : _bbildiriler raporlar tartışmalar : _b10-13 Ekim 1973. |
| 264 | 1 |
_aEskişehir : _bEskişehir İktisadi ve Ticari İlimler Akademisi, _c1974. |
|
| 300 |
_a164 pages : _btables ; _c24 cm |
||
| 336 |
_atext _btxt _2rdacontent |
||
| 337 |
_aaracısız _bn _2rdamedia |
||
| 338 |
_avolume _bnc _2rdacarrier |
||
| 490 | 0 |
_aEskişehir İktisadi ve Ticari İlimler Akademisi yayınları ; _vno. _a119/71 |
|
| 500 | _aBibliyografya ve dizin var. | ||
| 650 | 0 |
_aYönetim _vKongreler _zTürkiye _993270 |
|
| 942 |
_2z _cBK |
||